Minimum requirements for receiving and maintaining tissue culture propagating material

Bibliographic Details
Main Author: WITHERS
Corporate Author: Food and Agriculture Organization of the United Nations (FAO)
Format: Book
Published: Rome : Food and Agriculture Organization of the United Nations , 1985
Series:FAO plant production and protection paper ; 60
Subjects:

MARC

LEADER 00000cam a2200000 7i4500
001 0000002825
005 20040119.0
020 0 0 |a 9251021678 
090 0 0 |a FAO571.538   |b WIT 1985 
100 1 0 |a WITHERS   |h Lyndsey A. 
245 1 0 |a Minimum requirements for receiving and maintaining tissue culture propagating material   |c byLyndsey A. Withers 
260 0 0 |a Rome :   |b Food and Agriculture Organization of the United Nations ,   |c 1985 
300 |a v, 34 p. :   |b ill. ;   |c 30 cm. 
440 0 0 |a FAO plant production and protection paper ; 60 
500 0 0 |a Bibliography : p. 23-25 
650 0 0 |a Tissue culture   |x Preservation 
710 1 1 |a Food and Agriculture Organization of the United Nations (FAO) 
998 |a JPSM 
999 |a 0000004472   |b Monograph   |c Food and Agriculture Organization   |e Default branch